| 000 | 00534nam a22001937a 4500 | ||
|---|---|---|---|
| 003 | MPLRDC | ||
| 005 | 20220104191302.0 | ||
| 008 | 210129b ||||| |||| 00| 0 eng d | ||
| 020 | _a978-957-33-2729-5 | ||
| 082 | _a874.57 SAV | ||
| 100 | _aSAM SAVAGE | ||
| 245 |
_a阿法的二手书之恋 _c赵丕慧 译 |
||
| 250 | _a初版 | ||
| 260 |
_a台湾 _b皇冠文化出版有限公司 _c2011 |
||
| 300 | _b平 | ||
| 490 | _a皇冠丛书: 第4041种; CHOICE: 207 | ||
| 650 | _a美国文学--长篇小说 | ||
| 942 |
_cBK _o874.57 SAV |
||
| 999 |
_c64176 _d64166 |
||